Holiday Quiz

Random Holiday or Popular Quiz

Top Kids Halloween Costumes (2010) Quiz Stats

 Plays Quiz Updated Oct 26, 2012

Also try: Scream Queens
Challenge
Share
Tweet
Embed
Score 0/29 Timer 10:00
2 Plays Today
Rank Costume % Correct
9Batman
73.9%
2Spider-Man
73.2%
7Ghost
61.4%
21Harry Potter
61.1%
3Witch
59.7%
T19Monster
59.7%
5Disney Princess
59.7%
T8Vampire
59.1%
1Princess
55.5%
20Bee
48.2%
T8Pumpkin
42.1%
10Star Wars
34.1%
11Fairy
33.4%
4Pirate
29.7%
T19Superman
29.6%
Rank Costume % Correct
T22Cheerleader
28.7%
T23Dora the Explorer
26.9%
T22Zombie
26.8%
T22Cat
25.5%
16Transformers
25.2%
17Iron Man
24.5%
13Ninja
20.8%
T19Angel
20.6%
18Athlete (Baseball, Football, etc.)
18.7%
T12Tinker Bell
17.4%
14Buzz Lightyear
16.3%
15Ladybug
12.7%
6Action / Superhero
10.3%
T23SpongeBob SquarePants
10.1%

You're not logged in!

Compare scores with friends on all Sporcle quizzes.
Join for Free
OR
Log In

You Might Also Like...

Show Comments

Extras

Top Quizzes Today


Score Distribution

Your Account Isn't Verified!

In order to create a playlist on Sporcle, you need to verify the email address you used during registration. Go to your Sporcle Settings to finish the process.

Report this User

Report this user for behavior that violates our Community Guidelines.

Details: